Statistiques concernant Célébrités les mieux payées en 2017

Cliquez ici pour prendre le quiz!

Statistiques générales

  • Ce quiz a été pris 336 fois
  • Le résultat moyen est 13 sur 100

Statistiques - réponses

RangMétierFortuneRéponse% Correct
5Footballeur$93 MCristiano Ronaldo
84%
14Footballeur$80 MLionel Messi
79%
2Chanteuse$105 MBeyoncé Knowles
74%
77Chanteuse$36 MRihanna
60%
13Chanteur$83.5 MJustin Bieber
58%
71Footballeur$37 MNeymar
56%
47Personnalité TV$45.5 MKim Kardashian West
49%
23Tennisman$64 MRoger Federer
47%
10Basketteur$86 MLeBron James
43%
49Chanteuse$44 MTaylor Swift
43%
3Ecrivain$95 MJ.K Rowling
41%
46Pilote F1$45.5 MLewis Hamilton
40%
55Chanteur$42 MJay Z
36%
4Chanteur$94 MDrake
34%
88Athlète$34.2 MUsain Bolt
33%
68Tennisman$37.6 MNovak Djokovic
32%
70Golfeur$37.1 MTiger Woods
30%
59Personnalité TV$41 MKylie Jenner
28%
42Basketteur$47 MStephen Curry
27%
18Chanteuse$69 MAdele
23%
95Chanteuse$33 MKaty Perry
22%
52Acteur$43 MTom Cruise
22%
22Acteur$65 MDwayne Johnson
21%
71Chanteur$37 MEd Sheeran
21%
16Animatrice TV$77 MEllen DeGeneres
18%
55Chanteuse$42 MCéline Dion
17%
6Chanteur$92 MThe Weeknd
17%
63Pilote F1$38.5 MSebastian Vettel
15%
65Chanteuse$38 MJennifer Lopez
12%
60Chanteur$39 MBruno Mars
10%
89Chanteuse$34 MBritney Spears
9%
8Musiciens$88 MColdplay
9%
26Chef-Cuisinier$60 MGordon Ramsay
9%
41Acteur$47.3 MRobert Downey Jr.
9%
77Pilote F1$36 MFernando Alonso
8%
89Footballeur$34 MGareth Bale
8%
25Basketteur$60.6 MKevin Durant
8%
100Footballeur$32 MZlatan Ibrahimovic
8%
89Sportif$34 MConor McGregor
6%
98Humoriste$32.5 MKevin Hart
6%
55Musicien$42 MLuke Bryan
6%
31Acteur$54.5 MVin Diesel
6%
26Chanteur$60 MElton John
5%
45Basketteur$46 MJames Harden
5%
1Chanteur$130 MSean Combs (P. Diddy)
5%
32Musicien$54 MPaul McCartney
4%
62Basketteur$38.6 MRussel Westbrook
4%
40Musicien$48 MCalvin Harris
3%
97Basketteur$32.6 MCarmelo Anthony
3%
30Humoriste$57 MChris Rock
3%
83Musicien$34.5 MDr.Dre
3%
35Acteur$50.5 MAdam Sandler
2%
17Musicien$75 MBruce Springsteen
2%
24Magicien$61.5 MDavid Copperfield
2%
39Acteur$48.5 MJackie Chan
2%
92Tennisman$33.9 MKei Nishikori
2%
20Acteur$68 MMark Wahlberg
2%
69Humoriste$37.5 MAmy Schumer
1%
82Musicien$35 MBilly Joel
1%
43Humoriste$47 MDave Chappelle
1%
87Basketteur$34.3 MDerrick Rose
1%
15Animateur TV$79 MDR. Phil McGraw
1%
76Basketteur$36.2 MDwayne Wade
1%
11Musiciens$84 MGuns N' Roses
1%
7Animateur TV$90 MHoward Stern
1%
9Ecrivain$87 MJames Patterson
1%
18Humoriste$69 MJerry Seinfeld
1%
83Sportif$34.5 MJordan Spieth
1%
34Humoriste$52 MLouis C.K
1%
21Musiciens$66.5 MMetallica
1%
50Athlète$43.5 MPhil Mickelson
1%
32Musiciens$54 MRed Hot Chili Peppers
1%
37Golfeur$49 MRolly McIlroy
1%
50Personnalité TV$43.5 MSimon Cowell
1%
58Actrice$41.5 MSofía Vergara
1%
53Personnalité TV$42.5 MSteve Harvey
1%
80Acteur$35.5 MAkshay Kumar
0%
37Athlète$50 MAndrew Luck
0%
71Personnalité TV$37 MBilly O'Reilly
0%
80Musiciens$35.5 MBon Jovi
0%
95Chanteur$33 MChance The Rapper
0%
94Sportif$33.3 MClayton Kershaw
0%
64Basketteur$38.4 MDamian Lillard
0%
71Musicienne$37 MDolly Parton
0%
48Athlète$45.3 MDrew Brees
0%
93Sportif$33.4 MFletcher Cox
0%
83Musiciens$34.5 MFlorida Georgia Line
0%
26Chanteur$60 MGarth Brooks
0%
98Musicien$32.5 MJason Aldean
0%
35Musicien$50.5 MJimmy Buffer
0%
43Personnalité TV$46.6 MJudy Sheindlin
0%
53Musicien$42.5 MKenny Chesney
0%
11Animateur radio$84 MRush Limbaugh
0%
29Animateur TV$58 MRyan Seacrest
0%
71Acteur$37 MSalma Khan
0%
77Personnalité TV$36 MSean Hannity
0%
65Acteur$38 MShah Rukh Khan
0%
65Musiciens$38 MThe Chainsmokers
0%
60Musicien$39 MTiësto
0%
83Musicien$34.5 MToby Keith
0%

Distribution des résultats

Percentile par nombre de réponses

% des personnes avec chaque résultat

Votre développement - résultats

Vous n’avez pas pris ce quiz